00765cam a2200241 a 45000010009000000050017000090080041000260100017000670200022000840200015001060400018001210410008001390800018001470820023001651000007001881010008001952450077002035040051002809060045003319420012003769990017003889520118004051420060720180202094329.0051215s2007 nyua b 001 0 eng  a 2005036681 a0321364961 (pbk.) a1413019811 aDLCcDLCdDLC aeng a08/.042 LES00a808/.042 LES2221 a22 aGJU10aGood reasons with contemporary arguments :cLester Faigley, Jack Selzer. aIncludes bibliographical references and index. a7bcbccorignewd1eecipf20gy-gencatlg 2ddccBK c41706d41706 00102udc40708PËKGa002b002cPËKGd2018-02-02l0o808/.042 LESp002-2997548r2018-02-02w2018-02-02yBK